Global tropical cyclogenesis /

Bibliographic Details
Main Author: Sharkov, Eugene A.
Corporate Author: Ebook Library
Format: eBook
Language:English
Published: Berlin ; New York : Chichester : Springer, ; Praxis Publishing, [2012]
Edition:2nd ed.
Series:Springer-Praxis books in environmental sciences.
Subjects:
Online Access:Connect to the full text of this electronic book

MARC

Tag First Indicator Second Indicator Subfields
LEADER 00000cam a2200000Ka 4500
001 in00002784974
006 m o d
007 cr cnu---unuuu
008 111228s2012 gw ob 001 0 eng d
005 20250816212840.5
016 7 |a 015809738  |2 Uk 
020 |a 9783642132964 (electronic bk.) 
020 |a 3642132960 (electronic bk.) 
020 |z 9783642132957 
035 |a (OCoLC)ocn769643965 
035 |a (OCoLC)769643965 
040 |a GW5XE  |c GW5XE  |d E7B  |d COO  |d YDXCP  |d EBLCP  |d UKMGB  |d OCLCQ  |d TXA  |d UtOrBLW 
049 |a TXAM 
050 4 |a QC942  |b .S48 2012eb 
082 0 4 |a 551.55/2  |2 23 
100 1 |a Sharkov, Eugene A. 
245 1 0 |a Global tropical cyclogenesis /  |c Eugene A. Sharkov. 
250 |a 2nd ed. 
264 1 |a Berlin ;  |a New York :  |b Springer, ;  |a Chichester :  |b Praxis Publishing,  |c [2012] 
264 4 |c ©2012 
300 |a 1 online resource (xli, 604 pages) 
336 |a text  |b txt  |2 rdacontent 
337 |a computer  |b c  |2 rdamedia 
338 |a online resource  |b cr  |2 rdacarrier 
490 1 |a Springer praxis books in environmental sciences 
504 |a Includes bibliographical references (pages 569-596) and index. 
500 |a Electronic resource. 
650 0 |a Cyclones. 
650 0 |a Cyclones  |z Tropics. 
653 4 |a Meteorology 
653 4 |a Climatic changes 
653 4 |a Earth Sciences 
653 4 |a Geophysics/Geodesy 
653 4 |a Meteorology/Climatology 
653 4 |a Climate Change 
655 4 |a Electronic books. 
710 2 |a Ebook Library. 
830 0 |a Springer-Praxis books in environmental sciences. 
856 4 0 |u https://ebookcentral.proquest.com/lib/tamucs/detail.action?docID=884798  |y Connect to the full text of this electronic book  |t 0 
948 |a cataloged  |b h  |c 2012/12/6  |d c  |e agaffey  |f 9:43:51 am 
994 |a C0  |b TXA 
999 f f |s 18a8a15d-0f4a-3c61-81d4-ca55bb6c466f  |i f702ac52-23b3-3d72-8901-ee87c19494d3  |t 0 
999 |a MARS 
952 f f |a Texas A&M University  |b College Station  |c Electronic Resources  |d Available Online  |t 0  |e QC942 .S48 2012eb  |h Library of Congress classification 
998 f f |a QC942 .S48 2012eb  |t 0  |l Available Online